| 000 | 00447nam a2200145Ia 4500 | ||
|---|---|---|---|
| 008 | 170224s9999 xx 000 0 und d | ||
| 100 | _aEleni Papaoikonomou | ||
| 245 | _aExploring commitment in peer-to-peer exchanges: the case of timebanks | ||
| 245 | _cEleni Papaoikonomou & Carmen Valor | ||
| 260 | _bJournal of Marketing Research | ||
| 260 | _c2016 | ||
| 300 | _a32:13-14, Pages: 1333-1358 | ||
| 500 | _aOctober | ||
| 650 | _xMarketing. | ||
| 999 |
_c315975 _d315975 |
||